| 000 | 00937nam a2200229 4500 | ||
|---|---|---|---|
| 001 | 174443 | ||
| 003 | ES-MaACL | ||
| 005 | 20230906215530.0 | ||
| 008 | 100422s1993 sp |||| | spa d | ||
| 100 | 1 |
_aGray, Enrique. _9142555 |
|
| 245 | 1 | 0 |
_aTres poetas chilenos contemporáneos _b: conferencia / _cEnrique Gray. El bebedor de cerveza : cuentos / Antonio Rojas Gómez ; presenta, Efraín Szmulewicz. |
| 246 | 3 | 3 | _a3 poetas chilenos contemporáneos |
| 246 | 3 |
_aEl bebedor de cerveza _b: cuentos |
|
| 260 |
_aSantiago de Chile : _bRumbos, _c1993. |
||
| 300 |
_a51 p. ; _c18 cm. |
||
| 500 | _aEn la portada: Ateneo de Santiago, 7ª Jornada General 1993. | ||
| 610 | 2 |
_aAteneo de Santiago de Chile- _vCongresos y asambleas. _9142612 |
|
| 700 | 1 |
_aRojas Gómez, Antonio. _tEl bebedor de cerveza. _9142557 |
|
| 700 | 1 |
_aSzmulewicz, Efraín. _9142558 |
|
| 710 | 2 |
_aAteneo de Santiago de Chile. _92026 |
|
| 852 | 4 |
_aES-MaACL _j2256-F-26 |
|
| 999 |
_c174443 _d174443 |
||